| 000 | 01061 a2200217 4500 | ||
|---|---|---|---|
| 005 | 20080912125336.0 | ||
| 008 | 080912t xxu||||| |||| 00| 0 hin d | ||
| 010 | _aHIN-80752 | ||
| 020 |
_a8189327356 _c150.00 |
||
| 035 | _aHN-53098 | ||
| 037 | _bD.B.Act / pub | ||
| 082 | _a954.57 | ||
| 100 | _aसंजय कुमार | ||
| 245 |
_aनागालैंडःपूरब का स्वीटजरलैंड _cसंजय कुमार |
||
| 246 |
_aNagaland:Purab ka Switzerland _bby Sanjay Kumar |
||
| 260 |
_aपटना _bविशाल पब्लिकेशंन _c2007 |
||
| 270 |
_aकैलाश मार्केट, दरियापुर,पटना _bपटना _e800004 |
||
| 300 |
_axvii,96पृ _b(फोटो) _c22 सेमी (सजिल्द) |
||
| 942 |
_adpl _cHN _k954.57 / संजय _2ddc _h954.57 _mसंजय |
||
| 999 |
_c7011 _d7011 |
||